Method of measurement of construction works = (Record no. 95040)

MARC details
000 -LEADER
fixed length control field 00571cam a2200181 4500
001 - CONTROL NUMBER
control field ##D2158
008 - FIXED-LENGTH DATA ELEMENTS--GENERAL INFORMATION
fixed length control field 090401t1978 xxu||||| |||| 00| 0 eng d
035 ## - SYSTEM CONTROL NUMBER
System control number (Sirsi) u67698
041 1# - LANGUAGE CODE
Language code of text/sound track or separate title eng
Language code of summary or abstract fre
050 04 - LIBRARY OF CONGRESS CALL NUMBER
Classification number 692.30971 $2 18
110 2# - MAIN ENTRY--CORPORATE NAME
Corporate name or jurisdiction name as entry element Canadian Institute of Quantity Surveyors
9 (RLIN) 1896
245 1# - TITLE STATEMENT
Title Method of measurement of construction works =
Remainder of title Systeme International d'Unites
260 00 - PUBLICATION, DISTRIBUTION, ETC.
Place of publication, distribution, etc. Ottowa
Name of publisher, distributor, etc. Canadian Institute of Quantity Surveyors
Date of publication, distribution, etc. 1978
300 ## - PHYSICAL DESCRIPTION
Extent 1
Type of unit v. (loose-leaf)
Dimensions 30cm
690 ## - LOCAL SUBJECT ADDED ENTRY--TOPICAL TERM (OCLC, RLIN)
Topical term or geographic name as entry element Quantity surveying
9 (RLIN) 6263
942 ## - ADDED ENTRY ELEMENTS (KOHA)
Suppress in OPAC 0
948 ## - LOCAL PROCESSING INFORMATION (OCLC); SERIES PART DESIGNATOR (RLIN)
c (OCLC) 04/03/1997
Holdings
Withdrawn status Lost status Source of classification or shelving scheme Damaged status Not for loan Home library Current library Shelving location Date acquired Total Checkouts Full call number Barcode Date last seen Copy number Price effective from Koha item type
    Dewey Decimal Classification     London London Boxed set 15/01/1992   SMM 1978/1 30032283 06/08/2019 1 06/08/2019 Reference material
    Dewey Decimal Classification     London London Boxed set 15/01/1992   SMM 1978/1 30032278 06/08/2019 2 06/08/2019 Book